Prosa dispersa /

Nacido en Zapotlán el Grande en 1918, el jalisciense Juan José Arreola cursó estudios de teatro y filología en los años 1940, período en el que también estuvo al frente de las revistas Pan y Eos. Gunther Stapenhorst (1946) fue su primer libro, pero Arreola ya se había dado a conocer anteriormente co...

ver descrição completa

Na minha lista:
Detalhes bibliográficos
Autor principal: Arreola, Juan José (autor)
Outros Autores: Arreola, Orso (antología, presentación, selección y notas) (antología, presentación, selección y notas)
Formato: Livro
Idioma:espanhol
Publicado em: México : CONACULTA, 2002, c2002
Colecção:(Lecturas Mexicanas Cuarta Serie)
Assuntos:
Tags: Adicionar Tag
Sem tags, seja o primeiro a adicionar uma tag!

MARC

LEADER 00000nam^a2200000^a^4500
001 000150483
005 20250521000000.0
009 20260310100136.517
020 |a 970-18-8267-9 
037 |a Acervo ITESO - Biblioteca 
041 |a ESP 
082 |a 868.  |b LEC S. 4 V. 17 
100 |a Arreola, Juan José  |e (autor) 
240 1 1 |a [Prosa dispersa] 
245 1 0 |a Prosa dispersa /  |c J.J. Arreola ; antología, presen., selec. y notas de O. Arreola. 
264 4 |a México :  |b CONACULTA,  |c 2002, c2002 
300 |a 222 p. 
336 |a texto  |b txt  |2 rdacontenido 
337 |a sin mediación  |b n  |2 rdamedio 
338 |a volumen  |b nc  |2 rdasoporte 
440 1 |a (Lecturas Mexicanas  |p Cuarta Serie) 
520 |a Nacido en Zapotlán el Grande en 1918, el jalisciense Juan José Arreola cursó estudios de teatro y filología en los años 1940, período en el que también estuvo al frente de las revistas Pan y Eos. Gunther Stapenhorst (1946) fue su primer libro, pero Arreola ya se había dado a conocer anteriormente como cuentista. Varia invención (1949), Cinco cuentos (1951), Confabulario (1952), la obra de teatro La hora de todos (1954), Confabulario total (1962), la novela La feria (1963), Cuentos (1969), Palindroma (1971), Mujeres, animales y fantasías mecánicas (1972), el ensayo La palabra educación (1973), Y ahora la mujer: ensayos (1974), Inventario (1976), Mi confabulario (1979), Confabulario personal (1981), Tres cuentos (1982), Luz azul (1983) y Ramón López Velarde: el poeta, el revolucionario (1998) se cuentan entre las creaciones de Arreola. Reconocido con los premios Jalisco de Literatura (1953), Xavier Villaurrutia (1963), Nacional de Periodismo (1977), Nacional de Lingüística y Literatura (1979) y de Literatura Latinoamericana y del Caribe Juan Rulfo (1992), entre otros, Juan José Arreola falleció en 2001. La presente obra compila diversos escritos y ensayos escritos a lo largo de casi 50 años de trabajo literario; desde 1943 con El gesticulador escrito para el primer número de la Revista Jalisciense de Literatura hasta 1996, con el texto denominado Jalisco es buen panino de pintores, aparecido en el libro Cuatro siglos de pintura jaliciense. 
649 |a XX 
650 |a Ensayos Jaliscienses 
650 |a Ensayos Mexicanos 
650 |a Literatura Jalisciense -  |y Siglo XX 
650 |a Literatura Mexicana -  |y Siglo XX 
700 |a Arreola, Orso  |e (antología, presentación, selección y notas) 
910 |a Fondo General 
920 |a Impresos - Libros 
930 |a Colección General 
940 |a Literatura 
905 |a 101 
901 |a 0500080342  |b IT1  |c LIT  |u 20250521 
902 |a https://opac.biblio.iteso.mx/vufind/Record/000150483